Ľ eurojargon

Vysvetlenie pojmov, ktoré sú najčastejšie používané pri komunikácii v Európskej únii - tzv. eurožargón.

Uložené v:
Podrobná bibliografia
Hlavný autor: Rizeková, Iveta, 1961-
Médium: Kapitola
Jazyk:French
Predmet:
Tagy: Pridať tag
Žiadne tagy, Buďte prvý, kto otaguje tento záznam!

MARC

LEADER 00000naa$a2200000$$$4500
001 0076454
005 20240502071908.4
041 0 |a fre 
044 |a SK 
245 1 0 |a Ľ eurojargon  |c Iveta Rizeková 
520 |a Vysvetlenie pojmov, ktoré sú najčastejšie používané pri komunikácii v Európskej únii - tzv. eurožargón. 
610 2 0 |a jazyky cudzie 
610 2 0 |a Európska únia 
610 2 0 |a komunikácia 
100 1 |a Rizeková, Iveta, 1961-